000 00369nam a2200133Ia 4500
008 151001s9999||||xx |||||||||||||| ||und||
100 _aशैलजा राणे-घोरपडे
245 _aहि वाट दूर जाते
250 _a1
260 _bअजब प्रकाशन
260 _c2009
300 _a160
365 _b21
999 _c993619
_d993616